00645nam a2200169 4500001000700000003000900007005001700016007000300033008004100036100004200077245012000119260003800239300003600277852002200313999001900335952012100354143587ES-MaACL20230906200842.0t|070214s1908 it r ||||1| ita d1 aSergi, Giuseppe (d1841-1936)910554610aEuropa b: l'origine dei popoli europei e loro relazioni coi popoli d'Africa, d'Asia, d'Oceania / cGiuseppe Sergi. aTorino : bVincenzo Bona, c1908. aXXII, 652 p. : bil. ; c24 cm. aES-MaACLjF-12691 c143587d143587 00104070aATENEOMbATENEOMcSPP2d2008-01-17eSCl0oF-12691p1149392r2023-02-23 00:00:00w2023-02-23yMONOGRAFIA